[Event "World Amateur-ch"]
[Site "Chalkidiki"]
[Date "2015.04.15"]
[Round "2"]
[White "Fulger, Ionut Alexandru"]
[Black "Gomez, Carlos Alberto"]
[Result "0-1"]
[WhiteElo "1943"]
[BlackElo "1796"]
[PlyCount "104"]
[EventDate "2015.04.14"]
[EventType "team-swiss"]
[EventRounds "9"]
[EventCountry "GRE"]
[SourceTitle "CBM 166 Extra"]
[Source "ChessBase"]
[SourceDate "2015.06.18"]
[SourceVersion "1"]
[SourceVersionDate "2015.06.18"]
[SourceQuality "1"]

1. d4 Nf6 2. Nf3 e6 3. e3 b6 4. Bd3 Bb7 5. Nbd2 d5 6. b3 c5 7. Bb2 Be7 8. 0-0 0-0 9. Ne5 Nc6 10. a3 Rc8 11. Qf3 Qc7 12. Qh3 h6 13. f4 a6 14. f5 exf5 15. Bxf5 Rce8 16. Ndf3 Bd6 17. Kh1 Ne7 18. Bd3 Bc8 19. Qh4 Bf5 20. Bxa6 Bxc2 21. Ng4 Nxg4 22. Qxg4 Ng6 23. Rac1 Be4 24. dxc5 bxc5 25. b4 Qb6 26. b5 Bd3 27. Rfe1 Bxb5 28. Bxb5 Qxb5 29. Rb1 Qc6 30. Qh5 Rd8 31. Red1 Be7 32. Rd2 Rd7 33. Rbd1 Rfd8 34. Rf1 Qe6 35. Re1 Bf6 36. Bxf6 Qxf6 37. Red1 Qe6 38. Rd3 Qe4 39. Rc3 c4 40. a4 Ra8 41. Ra1 Ra5 42. Nd2 Qe5 43. Qxe5 Nxe5 44. Nf3 Nd3 45. Rca3 Re7 46. Nd4 Rxe3 47. Nc6 Ra6 48. Nb4 Rae6 49. Nxd3 cxd3 50. Kg1 d4 51. Kf2 Rf6+ 52. Kg1 d2 0-1

[Event "ROM-chT2"]
[Site "Olanesti"]
[Date "2013.10.20"]
[Round "9.4"]
[White "Zubac, Marius"]
[Black "Fulger, Ionut Alexandru"]
[Result "1-0"]
[WhiteElo "2168"]
[BlackElo "1940"]
[PlyCount "73"]
[EventDate "2013.10.12"]
[EventType "team-tourn"]
[EventRounds "9"]
[EventCountry "ROU"]
[SourceTitle "EXT 2014"]
[Source "ChessBase"]
[SourceDate "2013.11.20"]
[SourceVersion "1"]
[SourceVersionDate "2013.11.20"]
[SourceQuality "1"]
[WhiteTeam "Cluj Napoca"]
[BlackTeam "Targoviste Chindia"]
[WhiteTeamCountry "ROU"]
[BlackTeamCountry "ROU"]

1. d4 d5 2. c4 e6 3. Nc3 Nf6 4. Nf3 Be7 5. Bg5 h6 6. Bxf6 Bxf6 7. Qd2 a6 8. e3 0-0 9. 0-0-0 dxc4 10. Bxc4 b5 11. Bd3 Bb7 12. Bb1 Nd7 13. Qc2 g6 14. Ne5 Qe7 15. Nxd7 Qxd7 16. Ne4 Bxe4 17. Qxe4 c5 18. d5 exd5 19. Rxd5 Qe7 20. Qxe7 Bxe7 21. Rd7 Bf6 22. Rhd1 Rfd8 23. Be4 Rab8 24. Ra7 Bxb2+ 25. Kc2 Rxd1 26. Kxd1 c4 27. Kc2 c3 28. Bd5 Rf8 29. Rxa6 b4 30. Rxg6+ Kh7 31. Rb6 Ba3 32. g4 Kg7 33. e4 f6 34. f4 h5 35. Rb7+ Kg6 36. Be6 hxg4 37. Bf5+ 1-0

[Event "ROM-chT2"]
[Site "Olanesti"]
[Date "2013.10.12"]
[Round "1.5"]
[White "Fulger, Ionut Alexandru"]
[Black "Andreescu, Darie Ioan"]
[Result "0-1"]
[WhiteElo "1940"]
[BlackElo "1945"]
[PlyCount "53"]
[EventDate "2013.10.12"]
[EventType "team-tourn"]
[EventRounds "9"]
[EventCountry "ROU"]
[SourceTitle "EXT 2014"]
[Source "ChessBase"]
[SourceDate "2013.11.20"]
[SourceVersion "1"]
[SourceVersionDate "2013.11.20"]
[SourceQuality "1"]
[WhiteTeam "Targoviste Chindia"]
[BlackTeam "Targoviste University"]
[WhiteTeamCountry "ROU"]
[BlackTeamCountry "ROU"]

1. d4 Nf6 2. Nf3 g6 3. Nbd2 d5 4. b4 Bg7 5. e3 0-0 6. Bb2 Nbd7 7. Rc1 a5 8. b5 c5 9. c4 b6 10. cxd5 Nxd5 11. Nc4 Bb7 12. e4 Nf4 13. g3 Ne6 14. d5 Bxb2 15. Nxb2 Nc7 16. Na4 f5 17. Bc4 Kh8 18. e5 Ne8 19. 0-0 Qc7 20. Re1 Rd8 21. Ng5 Ng7 22. d6 exd6 23. exd6 Qb8 24. Nxh7 Rf7 25. Bxf7 Nf6 26. Qe2 Ne4 27. Rcd1 0-1

[Event "ROM-ch"]
[Site "Sarata Monteoru"]
[Date "2012.02.21"]
[Round "11"]
[White "Tudose, Cristian"]
[Black "Fulger, Ionut Alexandru"]
[Result "1/2-1/2"]
[WhiteElo "1854"]
[BlackElo "1946"]
[PlyCount "101"]
[EventDate "2012.02.13"]
[EventType "swiss"]
[EventRounds "11"]
[EventCountry "ROU"]
[SourceTitle "CBM 147 Extra"]
[Source "ChessBase"]
[SourceDate "2012.04.24"]
[SourceVersion "1"]
[SourceVersionDate "2012.04.24"]
[SourceQuality "1"]

1. e4 e6 2. d4 d5 3. Nc3 Bb4 4. e5 c5 5. a3 Bxc3+ 6. bxc3 Qa5 7. Bd2 Qa4 8. Qg4 Kf8 9. Bd3 Ne7 10. Nf3 Nbc6 11. 0-0 Nf5 12. Bxf5 exf5 13. Qg5 Qxc2 14. dxc5 h6 15. Qe3 Qe4 16. Rfe1 Ke7 17. Nd4 Qxe3 18. Nxc6+ Kd7 19. Bxe3 Kxc6 20. Rab1 Be6 21. Re2 Rab8 22. Reb2 g5 23. f3 f4 24. Bf2 Rhg8 25. Rb4 Rg6 26. Kf1 Bf5 27. Rd1 Re8 28. Bd4 g4 29. fxg4 Rxg4 30. Rd2 Be4 31. h3 Rg3 32. Rf2 Bd3+ 33. Kg1 Reg8 34. Kh2 Be4 35. Rbb2 f3 36. gxf3 Bxf3 37. Be3 Be4 38. Bxh6 f5 39. exf6 Rg1 40. Bg7 R8xg7 41. fxg7 Rxg7 42. h4 Kxc5 43. Rb4 a5 44. Rd4 Kd6 45. c4 Ke5 46. Rfd2 Rg2+ 47. Rxg2 Kxd4 48. cxd5 Bxg2 49. Kxg2 Kxd5 50. Kf3 b5 51. h5 1/2-1/2

[Event "ROM-ch"]
[Site "Sarata Monteoru"]
[Date "2012.02.19"]
[Round "9"]
[White "Fulger, Ionut Alexandru"]
[Black "Tomici, Stefan"]
[Result "1/2-1/2"]
[WhiteElo "1946"]
[BlackElo "2147"]
[PlyCount "91"]
[EventDate "2012.02.13"]
[EventType "swiss"]
[EventRounds "11"]
[EventCountry "ROU"]
[SourceTitle "CBM 147 Extra"]
[Source "ChessBase"]
[SourceDate "2012.04.24"]
[SourceVersion "1"]
[SourceVersionDate "2012.04.24"]
[SourceQuality "1"]

1. d4 d5 2. Nf3 e6 3. e3 c5 4. Bd3 Nf6 5. b3 Nc6 6. Bb2 Bd6 7. a3 Qc7 8. Nbd2 e5 9. dxe5 Nxe5 10. Bxe5 Bxe5 11. Bb5+ Bd7 12. Bxd7+ Nxd7 13. Nxe5 Qxe5 14. 0-0 0-0 15. Nf3 Qe6 16. Qd3 Nf6 17. c4 dxc4 18. Qxc4 Qxc4 19. bxc4 Rfd8 20. Rfb1 Rab8 21. Rb3 Ne4 22. Rab1 f6 23. Kf1 b6 24. Ke2 g5 25. R1b2 Nd6 26. Nd2 Nb7 27. Rc3 Na5 28. Nb3 Nc6 29. h3 Kf7 30. g3 Rbc8 31. Rd2 Rxd2+ 32. Nxd2 Ke6 33. f4 gxf4 34. gxf4 Rg8 35. Kf2 f5 36. Nf3 h6 37. Rd3 a6 38. a4 Nb4 39. Rd2 Rb8 40. Ne5 b5 41. axb5 axb5 42. cxb5 Rxb5 43. Rd8 Ra5 44. Kf3 Ra3 45. Re8+ Kd5 46. Rd8+ 1/2-1/2

[Event "ROM-ch"]
[Site "Sarata Monteoru"]
[Date "2012.02.18"]
[Round "7"]
[White "Fulger, Ionut Alexandru"]
[Black "Zlatea, Cezar Stelian"]
[Result "1-0"]
[WhiteElo "1946"]
[BlackElo "1679"]
[PlyCount "107"]
[EventDate "2012.02.13"]
[EventType "swiss"]
[EventRounds "11"]
[EventCountry "ROU"]
[SourceTitle "CBM 147 Extra"]
[Source "ChessBase"]
[SourceDate "2012.04.24"]
[SourceVersion "1"]
[SourceVersionDate "2012.04.24"]
[SourceQuality "1"]

1. d4 d5 2. Nf3 Nf6 3. e3 e6 4. Bd3 Be7 5. 0-0 0-0 6. Nbd2 b6 7. b3 Bb7 8. Bb2 Nbd7 9. Ne5 c5 10. Qf3 Qc7 11. Qh3 cxd4 12. exd4 Bd6 13. f4 Ne4 14. Ndf3 Ndf6 15. c4 Ba6 16. Rac1 Qe7 17. Rfd1 Ba3 18. Nc6 Qd6 19. c5 Qxc6 20. Bxa3 Bxd3 21. Rxd3 bxc5 22. Bxc5 Rfc8 23. Ne5 Qa6 24. a3 Rab8 25. b4 Qb5 26. a4 Qxb4 27. f5 Qb2 28. Qe3 exf5 29. Re1 Nxc5 30. dxc5 Re8 31. Qg3 Qb4 32. Rc1 Qe4 33. Nc6 Rb2 34. Nd4 Rxg2+ 35. Qxg2 Qxd3 36. Nc2 Re2 37. Qg3 Qxg3+ 38. hxg3 Re8 39. Nd4 Ne4 40. c6 Rc8 41. c7 Kf8 42. Nb5 a6 43. Na7 Nd6 44. Nxc8 Nxc8 45. Rd1 Ke7 46. Rxd5 f6 47. Rd8 Nb6 48. c8Q Nxc8 49. Rxc8 Kd7 50. Ra8 Kc7 51. Rxa6 Kb7 52. Re6 f4 53. gxf4 g5 54. f5 1-0

[Event "ROM-chT Div-A"]
[Site "Slanic Moldova"]
[Date "2011.10.08"]
[Round "8"]
[White "Dicu, Razvan Stefan"]
[Black "Fulger, Ionut Alexandru"]
[Result "0-1"]
[WhiteElo "2161"]
[BlackElo "1915"]
[PlyCount "70"]
[EventDate "2011.10.03"]
[EventType "team-tourn"]
[EventRounds "9"]
[EventCountry "ROU"]
[SourceTitle "CBM 144 Extra"]
[Source "ChessBase"]
[SourceDate "2011.10.28"]
[SourceVersion "1"]
[SourceVersionDate "2011.10.28"]
[SourceQuality "1"]

1. e4 c5 2. Nf3 d6 3. d4 cxd4 4. Nxd4 Nf6 5. Nc3 g6 6. Be3 a6 7. f3 Bg7 8. Qd2 Nbd7 9. 0-0-0 Qc7 10. Bh6 Bxh6 11. Qxh6 b5 12. g4 Bb7 13. a3 Rc8 14. Bh3 Qb6 15. g5 Nh5 16. Bg4 Nf4 17. Qg7 Rf8 18. e5 Nxe5 19. Bxc8 Bxc8 20. Qxh7 Ned3+ 21. cxd3 Qxd4 22. Ne4 Nxd3+ 23. Kc2 Qc4+ 24. Kb1 d5 25. Rc1 Nxc1 26. Rxc1 Qd3+ 27. Ka1 Bf5 28. Ng3 Qd2 29. Rg1 Qd4 30. Re1 Bd7 31. Nh5 Kd8 32. Ng3 Be6 33. Rxe6 fxe6 34. Qxg6 Rxf3 35. Qg8+ Kd7 0-1

[Event "ROM-chT Div-A"]
[Site "Slanic Moldova"]
[Date "2011.10.03"]
[Round "1"]
[White "Andronescu, Madalin"]
[Black "Fulger, Ionut Alexandru"]
[Result "1/2-1/2"]
[WhiteElo "2117"]
[BlackElo "1915"]
[PlyCount "86"]
[EventDate "2011.10.03"]
[EventType "team-tourn"]
[EventRounds "9"]
[EventCountry "ROU"]
[SourceTitle "CBM 144 Extra"]
[Source "ChessBase"]
[SourceDate "2011.10.28"]
[SourceVersion "1"]
[SourceVersionDate "2011.10.28"]
[SourceQuality "1"]

1. d4 c5 2. Nf3 cxd4 3. Nxd4 g6 4. g3 Bg7 5. Bg2 Nf6 6. 0-0 0-0 7. c3 d5 8. Nd2 Nc6 9. Nxc6 bxc6 10. Qa4 Bd7 11. e4 Qb6 12. exd5 cxd5 13. Qa3 Bb5 14. c4 dxc4 15. Bxa8 c3 16. bxc3 Bxf1 17. Rb1 Qe6 18. Nxf1 Rxa8 19. Rb7 Nd7 20. Be3 Qc6 21. Rxa7 Rxa7 22. Bxa7 Bxc3 23. Qxe7 Ne5 24. Qd8+ Kg7 25. Bd4 Bxd4 26. Qxd4 f6 27. Nd2 Qc2 28. Qa7+ Kh8 29. Qe7 Kg8 30. Qxf6 Qxd2 31. Qxe5 Qxa2 32. Qf6 Qd2 33. h4 Qe1+ 34. Kg2 Qe4+ 35. f3 Qe2+ 36. Kh3 Qf1+ 37. Kg4 Qc4+ 38. Kg5 Qd5+ 39. Kf4 Qd2+ 40. Ke4 Qe1+ 41. Kd5 Qxg3 42. f4 Qd3+ 43. Ke6 Qa6+ 1/2-1/2

[Event "ROM-ch U16"]
[Site "Voineasa"]
[Date "2010.04.14"]
[Round "9"]
[White "Palamar, Theodor"]
[Black "Fulger, Ionut Alexandru"]
[Result "1/2-1/2"]
[WhiteElo "1748"]
[BlackElo "1797"]
[PlyCount "36"]
[EventDate "2010.04.08"]
[EventType "swiss"]
[EventRounds "9"]
[EventCountry "ROU"]
[SourceTitle "EXT 2020"]
[Source "ChessBase"]
[SourceDate "2019.10.17"]
[SourceVersion "1"]
[SourceVersionDate "2019.10.17"]
[SourceQuality "1"]

1. e4 e6 2. d4 d5 3. Nc3 Bb4 4. e5 c5 5. a3 Bxc3+ 6. bxc3 Qa5 7. Bd2 Qa4 8. Qg4 Ne7 9. Qxg7 Rg8 10. Qxh7 Nbc6 11. Nf3 cxd4 12. g3 Bd7 13. Bd3 0-0-0 14. Qh4 Rh8 15. Qf4 Ng6 16. Bxg6 fxg6 17. cxd4 Rdf8 18. Qe3 Rh3 1/2-1/2

[Event "ROM-ch U16"]
[Site "Voineasa"]
[Date "2010.04.09"]
[Round "2"]
[White "Fulger, Ionut Alexandru"]
[Black "Pop, Alexandru"]
[Result "0-1"]
[WhiteElo "1797"]
[BlackElo "2103"]
[PlyCount "88"]
[EventDate "2010.04.08"]
[EventType "swiss"]
[EventRounds "9"]
[EventCountry "ROU"]
[SourceTitle "EXT 2020"]
[Source "ChessBase"]
[SourceDate "2019.10.17"]
[SourceVersion "1"]
[SourceVersionDate "2019.10.17"]
[SourceQuality "1"]

1. d4 Nf6 2. Nf3 e6 3. e3 c5 4. Bd3 Nc6 5. b3 d5 6. Bb2 Bd6 7. Ne5 0-0 8. 0-0 Nd7 9. f4 f5 10. Rf3 Ndxe5 11. dxe5 Be7 12. Rh3 g6 13. g4 Qb6 14. gxf5 exf5 15. Nc3 Be6 16. Na4 Qc7 17. c4 Rad8 18. Qe2 d4 19. exd4 Nxd4 20. Qg2 Qc6 21. Rg3 Qxg2+ 22. Kxg2 Bd7 23. Bxd4 Bxa4 24. bxa4 Rxd4 25. Rf1 Kf7 26. Rff3 Rfd8 27. Kf1 h5 28. Ke2 Bf8 29. Rg1 Bh6 30. Rb1 b6 31. a5 Bxf4 32. axb6 axb6 33. Rxb6 Bxe5 34. Bxf5 Rd2+ 35. Kf1 Rd1+ 36. Ke2 R8d2+ 37. Ke3 Bd4+ 38. Ke4 Re1+ 39. Kd5 Re5+ 40. Kc6 Rxf5 41. Rb7+ Ke6 42. Ra3 Rff2 43. Rd7 Rxa2 44. Rd6+ Kf5 0-1

[Event "ROM-ch"]
[Site "Eforie Nord"]
[Date "2009.02.06"]
[Round "7"]
[White "Henchel, Alexandru Cristian"]
[Black "Fulger, Ionut Alexandru"]
[Result "0-1"]
[WhiteElo "1804"]
[BlackElo "1682"]
[PlyCount "202"]
[EventDate "2009.01.31"]
[EventType "swiss"]
[EventRounds "9"]
[EventCountry "ROU"]
[SourceTitle "CBM 130 Extra"]
[Source "ChessBase"]
[SourceDate "2009.07.02"]
[SourceVersion "2"]
[SourceVersionDate "2009.07.15"]
[SourceQuality "1"]

1. d4 d5 2. Nf3 Bf5 3. c4 c6 4. Nc3 e6 5. Bf4 Bd6 6. Bxd6 Qxd6 7. cxd5 cxd5 8. e3 a6 9. Bd3 Bxd3 10. Qxd3 Nf6 11. 0-0 0-0 12. Rac1 Nbd7 13. Ne2 Rac8 14. Rc2 Rxc2 15. Qxc2 Nb6 16. Rc1 Rd8 17. Qc7 Qxc7 18. Rxc7 Rd7 19. Rxd7 Nbxd7 20. Nc3 Kf8 21. Kf1 Ke7 22. Ke2 h6 23. Nd2 Kd6 24. Nb3 b6 25. f3 Ne8 26. e4 f6 27. Ke3 Nc7 28. Nd2 Kc6 29. h4 g6 30. g4 b5 31. b4 Nb6 32. Nb3 Nc4+ 33. Kd3 Kd6 34. Nc5 g5 35. h5 Ke7 36. exd5 exd5 37. Nb1 f5 38. Nd2 fxg4 39. fxg4 a5 40. bxa5 Nxa5 41. Nf3 Nc4 42. Ne5 Ne8 43. Nc6+ Kd6 44. Nd8 Ke7 45. Nc6+ Kf7 46. Nd8+ Kg8 47. Ke2 Nf6 48. Kf3 Kf8 49. Nc6 Ke8 50. Nb4 Ke7 51. Nbd3 Kd6 52. Nb7+ Kc7 53. Nbc5 Nd2+ 54. Kg3 Nde4+ 55. Kf3 Nxc5 56. Nxc5 Kb6 57. a3 Ka5 58. Kg3 b4 59. axb4+ Kxb4 60. Ne6 Kc4 61. Kf3 Kd3 62. Kg3 Ke3 63. Kh3 Kf3 64. Nc7 Kf2 65. Ne6 Kf3 66. Nc7 Kf4 67. Ne6+ Ke3 68. Kg3 Ne4+ 69. Kg2 Nf6 70. Kg3 Ke4 71. Kh3 Ne8 72. Kg3 Nd6 73. Kh3 Nb5 74. Nd8 Nxd4 75. Nf7 Ne6 76. Nxh6 d4 77. Nf5 Nf8 78. Ng3+ Kf3 79. h6 Nh7 80. Nf1 d3 81. Nd2+ Ke2 82. Nb3 d2 83. Nxd2 Kxd2 84. Kg3 Nf8 85. Kg2 Ke3 86. Kg3 Nh7 87. Kh2 Kf3 88. Kh3 Kf4 89. Kh2 Kxg4 90. Kg2 Kh5 91. Kg3 Kxh6 92. Kg4 Nf6+ 93. Kg3 Kh5 94. Kh3 g4+ 95. Kg3 Kg5 96. Kg2 Kh4 97. Kh2 g3+ 98. Kg2 Kg4 99. Kg1 Kh3 100. Kh1 g2+ 101. Kg1 Nd5 0-1

[Event "ROM-ch U14 Boys"]
[Site "Voineasa"]
[Date "2008.04.13"]
[Round "3"]
[White "Botez, Cezar"]
[Black "Fulger, Ionut Alexandru"]
[Result "0-1"]
[WhiteElo "401"]
[BlackElo "576"]
[PlyCount "90"]
[EventDate "2008.04.08"]
[EventType "swiss"]
[EventRounds "9"]
[EventCountry "ROU"]
[SourceTitle "EXT 2013"]
[Source "ChessBase"]
[SourceDate "2012.11.22"]
[SourceVersion "1"]
[SourceVersionDate "2012.11.22"]
[SourceQuality "1"]

1. e4 e6 2. Nf3 d5 3. exd5 exd5 4. d4 Bd6 5. Nc3 c6 6. Be3 Bg4 7. Be2 Nf6 8. h3 Bf5 9. Qd2 0-0 10. 0-0-0 Bb4 11. Kb1 Ne4 12. Qe1 Nxc3+ 13. bxc3 Ba3 14. Bc1 Qb6+ 15. Ka1 Bxc1 16. Rxc1 Nd7 17. Qd2 Nf6 18. Bd3 Bxd3 19. cxd3 Qa5 20. Ne5 Rfd8 21. g4 Nd7 22. f4 f6 23. Nf3 b5 24. g5 f5 25. h4 Rab8 26. Rb1 Rb7 27. Rb2 Rdb8 28. Rhb1 Qa3 29. Rb3 Qd6 30. a4 a5 31. Ka2 g6 32. Ka1 b4 33. c4 dxc4 34. dxc4 c5 35. d5 Nb6 36. Ne5 Nxa4 37. Re1 Nc3 38. Qe3 Ne4 39. Nd3 a4 40. Rbb1 b3 41. Rb2 a3 42. Rg2 b2+ 43. Nxb2 axb2+ 44. Kb1 Rb3 45. Qg1 Qa6 0-1